The Next Step - Statistics

General Stats
  • This quiz has been taken 978 times
  • The average score is 27 of 38
Answer Stats
Hint Answer % Correct
1 Emily
97%
1 James
95%
1 Riley
95%
1 Michelle
93%
1 Eldon
92%
1 West
91%
1 Tiffany
89%
1 Stephanie
88%
3 Noah
86%
4 Richelle
86%
1 Chloe
85%
1 Giselle
85%
1 Daniel
84%
2 Amanda
83%
1 Kate
83%
4 Amy
81%
4 Piper
81%
1 Chris
78%
2 Hunter
78%
3 Max
76%
2 Thalia
75%
4 LaTroy
72%
3 Cierra
71%
4 Henry
66%
4 Sloane
66%
4 Cassie
64%
4 Alfie
60%
3 Shantel
58%
5 Lola
57%
5 Ozzy
56%
4 Skylar
56%
5 Kingston
54%
5 Jacquie
52%
5 Josh
50%
2 Pheobe
42%
5 Zara
42%
5 Heather
33%
5 Elliot
21%
No matching quizzes found
Score Distribution
Percent of People with Each Score
Percentile by Number Answered
Your Score History
You have not taken this quiz